<?xml version="1.0" encoding="UTF-8"?>
<record
    xmlns:xsi="http://www.w3.org/2001/XMLSchema-instance"
    xsi:schemaLocation="http://www.loc.gov/MARC21/slim http://www.loc.gov/standards/marcxml/schema/MARC21slim.xsd"
    xmlns="http://www.loc.gov/MARC21/slim">

  <leader>01399nam a2200289 i 4500</leader>
  <controlfield tag="001">104036</controlfield>
  <controlfield tag="003">ES-MaACL</controlfield>
  <controlfield tag="007">t|</controlfield>
  <controlfield tag="008">051122s1911    fr           ||||1| fre d</controlfield>
  <datafield tag="245" ind1="0" ind2="4">
    <subfield code="a">Les m&#xE9;thodes juridiques </subfield>
    <subfield code="b">: le&#xE7;ons faites au College livre des Sciences sociales en 1910.</subfield>
  </datafield>
  <datafield tag="260" ind1=" " ind2=" ">
    <subfield code="a">Paris : </subfield>
    <subfield code="b">V. Giard, </subfield>
    <subfield code="c">1911.</subfield>
  </datafield>
  <datafield tag="300" ind1=" " ind2=" ">
    <subfield code="a">XXIV, 231 p. ; </subfield>
    <subfield code="c">23 cm.</subfield>
  </datafield>
  <datafield tag="490" ind1="1" ind2=" ">
    <subfield code="a">Etudes &#xE9;conomiques et sociales ; </subfield>
    <subfield code="v">XII</subfield>
  </datafield>
  <datafield tag="505" ind1="8" ind2=" ">
    <subfield code="a">Contiene: Paul Deschanel.- Preface.-- R. Saleilles.- Introducion.-- F. Larnaude.- Le droit public.Sa conception.Sa m&#xE9;thode.- H. Barthelemy.- La m&#xE9;thode applicable &#xE1; l'&#xE9;tude du droit administratif.-- H. Truchy.- Les m&#xE9;thodes en &#xE9;conomie politiqu&#xE9;.-- A. Tissier.- La r&#xF4;le social et economiqu&#xE9; des r&#xE9;gles de la procedure civiles.- Pillet.- La m&#xE9;thode en droit international priv&#xE9;.-- F. G&#xE9;ng.- Les procedes d'elaboration du droit civil.-- E. Gar&#xE7;on.- de la m&#xE9;thode du droit criminal</subfield>
  </datafield>
  <datafield tag="700" ind1="1" ind2=" ">
    <subfield code="a">Deschanel, Paul.</subfield>
    <subfield code="9">43850</subfield>
  </datafield>
  <datafield tag="700" ind1="1" ind2=" ">
    <subfield code="a">Saleilles, Raymond.</subfield>
    <subfield code="9">101868</subfield>
  </datafield>
  <datafield tag="700" ind1="1" ind2=" ">
    <subfield code="a">Larnaude, Ferdinand.</subfield>
    <subfield code="9">70274</subfield>
  </datafield>
  <datafield tag="700" ind1="1" ind2=" ">
    <subfield code="a">Barthelemy, H.</subfield>
    <subfield code="9">26118</subfield>
  </datafield>
  <datafield tag="700" ind1="1" ind2=" ">
    <subfield code="a">Truchy, H.</subfield>
    <subfield code="9">111541</subfield>
  </datafield>
  <datafield tag="700" ind1="1" ind2=" ">
    <subfield code="a">Tissier, Albert.</subfield>
    <subfield code="9">110339</subfield>
  </datafield>
  <datafield tag="700" ind1="1" ind2=" ">
    <subfield code="a">Pillet, Felix.</subfield>
    <subfield code="9">92032</subfield>
  </datafield>
  <datafield tag="700" ind1="1" ind2=" ">
    <subfield code="a">G&#xE9;ng, F.</subfield>
    <subfield code="9">56312</subfield>
  </datafield>
  <datafield tag="700" ind1="1" ind2=" ">
    <subfield code="a">Gar&#xE7;on, E.</subfield>
    <subfield code="9">55478</subfield>
  </datafield>
  <datafield tag="830" ind1="0" ind2=" ">
    <subfield code="a">Etudes &#xE9;conomiques et sociales ; </subfield>
    <subfield code="v">XII</subfield>
    <subfield code="9">184131</subfield>
  </datafield>
  <datafield tag="852" ind1=" " ind2=" ">
    <subfield code="a">ES-MaACL</subfield>
    <subfield code="j">G-3049</subfield>
  </datafield>
  <datafield tag="999" ind1=" " ind2=" ">
    <subfield code="c">104036</subfield>
    <subfield code="d">104036</subfield>
  </datafield>
  <datafield tag="952" ind1=" " ind2=" ">
    <subfield code="0">0</subfield>
    <subfield code="1">0</subfield>
    <subfield code="4">0</subfield>
    <subfield code="7">0</subfield>
    <subfield code="a">ATENEOM</subfield>
    <subfield code="b">ATENEOM</subfield>
    <subfield code="c">DEPO2</subfield>
    <subfield code="d">2008-01-17</subfield>
    <subfield code="e">SC</subfield>
    <subfield code="l">0</subfield>
    <subfield code="o">G-3049</subfield>
    <subfield code="p">1108623</subfield>
    <subfield code="r">2023-02-23 00:00:00</subfield>
    <subfield code="w">2023-02-23</subfield>
    <subfield code="y">MONOGRAFIA</subfield>
  </datafield>
</record>
